Cuộc đời dài lắm : (Tiểu thuyết)

Saved in:
Bibliographic Details
Main Author: Chu, Lai
Format: Book
Language:Undetermined
Published: Hà Nội Hội Nhà văn 2003
Subjects:
Tags: Add Tag
No Tags, Be the first to tag this record!
Institutions: Trung tâm Học liệu Trường Đại học Cần Thơ
LEADER 00562nam a2200217Ia 4500
001 CTU_93989
008 210402s9999 xx 000 0 und d
020 |c 57000 
082 |a 895.922334 
082 |b L103 
100 |a Chu, Lai 
245 0 |a Cuộc đời dài lắm : 
245 0 |b (Tiểu thuyết) 
245 0 |c Chu Lai 
260 |a Hà Nội 
260 |b Hội Nhà văn 
260 |c 2003 
650 |a Vietnamese fiction 
650 |z 20th century 
904 |i Minh 
980 |a Trung tâm Học liệu Trường Đại học Cần Thơ